[Event "Ubeda Open 2nd"]
[Site "Ubeda ESP"]
[Date "1997.??.??"]
[Round "4"]
[White "Garcia, Gildardo"]
[Black "Gofshtein, Leonid"]
[Result "1-0"]
[WhiteElo "2485"]
[BlackElo "2530"]
[EventDate "1997.02.??"]

1. e4 d6 2. d4 Nf6 3. Nc3 g6 4. Nf3 Bg7 5. Be2 O-O 6. O-O Bg4 7. Be3 Nc6 
8. Qd2 e5 9. d5 Ne7 10. Rad1 Bd7 11. Ne1 b5! {By this flank counterblow 
Black attacks the opponent's center. } 12. Nd3 a5 13. a3 Qb8 14. f3 c6! ( 
14. ... Rd8 15. b4 axb4 16. Nxb4! Rxa3 17. Ra1 Rxa1 18. Rxa1 {By this 
flank counterblow Black attacks the opponent's center. } ) 15. dxc6 Bxc6 
16. b4! {Fixing the b5-pawn, a future object for attack. } 16. ... a4 ( 
16. ... axb4 17. Nxb4 Rxa3 18. Nxc6 Nxc6 19. Nxb5 Ra2 20. Bc4 Rb2 21. Nxd6
+/- {Vogt - Bernard, Wildbad 1990} ) 17. Nf2! Rd8 18. f4! {Revealing 
vulnerability of the d6-pawn and the black kingside. } 18. ... exf4 19. 
Bxf4 Qb7 20. Bh6! Qb6 21. Bxg7 Kxg7 22. Qf4! +/- d5 23. e5 Nfg8 24. Bd3 
Bd7 25. Kh1 Rac8 26. Ne2 Nc6 27. Ng3! Qd4 28. Nfe4! dxe4 29. Bxb5 Qb6 30. 
Qxf7+ Kh8 31. Rxd7 +- Nce7 32. Rxd8 Rxd8 33. Bc4 Nd5 34. e6 Ne3 35. e7 
Nxf1 36. Nxf1 Nxe7 37. Qxe7 Qd4 38. Bb5 Rc8 39. h3 1-0

[Event "Budapest zt-B"]
[Site "Budapest HUN"]
[Date "1993.??.??"]
[Round "8"]
[White "Kuczynski, Robert"]
[Black "Chernin, Alexander"]
[Result "0-1"]
[WhiteElo "2525"]
[BlackElo "2600"]
[EventDate "1993.03.??"]
[Annotator "Stohl"]

{
http://ctart.chessok.com/course/chess-opening-semi-open-games-1-e4/pirc-ufimtsev-defence/classical-variation/variation-with-6-bg4?page=3
} 
1. e4 d6 2. d4 Nf6 3. Nc3 g6 4. Nf3 Bg7 5. Be2 O-O 6. O-O Bg4 7. Be3 Nc6 
8. Qd2 ( 8. d5 Bxf3 9. Bxf3 Ne5 10. Be2 c6 11. f4 Ned7 12. Bf3 Qc7 13. 
dxc6 bxc6 14. Na4 Rfd8 15. c4 e5! 16. Qc2 exf4 17. Bxf4 Ne5 18. c5 d5 ↑ 
{Dvorakowski, L-Kramazian,A,Warsaw op 1993} ) 8. ... e5 9. d5 Ne7 {/\c6} 
10. Rad1 Bd7 11. Ne1 ( 11. h3 Ne8 ( 11. ... b5!? ~ ) 12. Ne1 f5 13. exf5 (
13. f4!? += ) 13. ... gxf5 14. f4 Ng6 15. Nd3 Kh8 16. a4 Rg8 17. Kh1 a5 
18. Bh5 e4 19. Nc1 Nh4 ⇄⇄ {Johanesson,L-Hoi,C,Reykjavik op 1988-TD 
88_05} ) 11. ... b5 12. a3 a5 13. Nd3 ( 13. b4 axb4 14. axb4 Qb8 15. f3 
Ne8!? 16. g4 f5 17. Ng2 Nf6 18. h3 h5 19. g5 Nxe4! 20. fxe4 f4 ~ {
Lengyel,B-Cohen,A,Balatonberenyi op 1992-TD 92_04} ) 13. ... Qb8 14. f3 ( 
14. b4 axb4 15. axb4 Ra3 {/\Rc3[+]} 16. f3 c6 17. dxc6 Bxc6 18. Nc1 Rd8 ( 
18. ... d5? 19. Bc5 +/- ) 19. Nb3 d5 20. Bc5 Qc7 21. Na5 Be8 22. Bxe7 ( 
22. Nb1 Ra2 23. Nc3 = ) 22. ... Qxe7 23. Nxd5 Nxd5 24. exd5 e4 =/& {
Thorsteins, K-Kasparov,G,World Blitz 1988} ) 14. ... c6 ( 14. ... Rd8 15. 
b4 axb4 16. Nxb4!? Rxa3 17. Ra1 Rxa1 18. Rxa1 Be8 19. Ra6 Rc8 20. Nc6 Bxc6
21. dxc6 b4 22. Nb5 d5! ⇄⇄ {Kuczynski,R-Chernin,A,Polanica Zdroj 
1992-CBM 31} ) 15. dxc6 Bxc6 16. b4 d5! {N - Black does not want to wait 
until maneuvering struggle will reveal his strategic weaknesses and opens 
up the game right off. } ( 16. ... axb4?! 17. Nxb4! Rxa3 18. Nxc6 Nxc6 19.
 Nxb5 Ra2 20. Bc4 Rb2 21. Nxd6 +/- {Vogt,L-Bernard,C,Wildbad 1990-EXP 20} 
) 17. Bc5 Re8 ~ 18. Nf2?! ( 18. exd5 Nexd5 19. Nxd5 Nxd5 =+ {/\} 20. bxa5 
e4 21. fxe4 Nc3 ↑ ) ( 18. Bxe7!? Rxe7 19. exd5 Nxd5 20. Nxd5 Bxd5 21. 
Nc5 Bc6 = ) ( 18. bxa5!? dxe4 19. Nb4 exf3 20. gxf3 Bd7 21. a6 Qc8 22. Bf2
Nf5 23. Nxb5 e4! 24. fxe4 Rxe4 25. Nc3 Rxe2 26. Nxe2 {1/2:1/2 Kaminski - 
Finkel, Groningen 1993} ) 18. ... axb4 ( 18. ... dxe4?! 19. Nfxe4 Nxe4 20.
 Nxe4 += ) 19. axb4 ( 19. Bxb4 d4 20. Nb1 {/\c3=} 20. ... Nd7 21. c3 Nb6 {
/\Nc4} ) 19. ... d4! =+ 20. Nb1 Ra2 ( 20. ... Nd7!? 21. c3!? ( 21. Nd3 f5 
=+ ) 21. ... Nxc5 22. bxc5 ~ ) 21. Nd3 Nd7 22. Nc1! Ra8 {An ugly position 
of the b1-knight allows Black to fight for an advantage.} ( 22. ... Rb2 
23. Nd3 Ra2 24. Nc1 Ra8 ) 23. Nd3 ( 23. Nb3 {/\} 23. ... f5 24. Bd3 ~ ) 
23. ... Nxc5 ( 23. ... f5!? =+ ) 24. Nxc5 ( 24. bxc5!? {/\c3<=>} ) 24. ...
 Nc8 25. Nb3 ( 25. c3 Nd6 =+ {/\Nc4} ) 25. ... Qb6 26. Kh1 Nd6 27. Na5 
Rec8 28. c3 Bd7 29. cxd4 exd4 {/\Nc4-+} 30. Rc1 Be6 31. Na3 □ Rc3 32. 
Nb1 Rcc8 33. Na3 Rc3 34. Rxc3? ( 34. Nb1 □ Rc4!? ( 34. ... Rcc8 = ) 35. 
Na3 Rac8 ↑ ) 34. ... dxc3 35. Qf4 Nb7! -+ 36. Nxb5 ( 36. Nxb7 Rxa3 -+ ) 
36. ... Nxa5 37. Nc7 ( 37. bxa5 Rxa5 38. Nc7 Bb3! -+ ) 37. ... Rc8 38. 
Nxe6 Qxe6 39. bxa5 c2 40. Bd3 ( 40. Qc1 Qa2 {/\Bb2} ) 40. ... Bb2 ( 
40. ... Bb2 41. Bxc2 Rxc2 -+ ) 0-1

[Event "URS-ch50"]
[Site "Moscow RUS"]
[Date "1983.??.??"]
[Round "?"]
[White "Karpov, Anatoly"]
[Black "Azmaiparashvili, Zurab"]
[Result "0-1"]
[WhiteElo "2710"]
[BlackElo "2455"]
[EventDate "1983.04.03"]

{
http://ctart.chessok.com/course/chess-opening-semi-open-games-1-e4/pirc-ufimtsev-defence/classical-variation/variation-with-6-bg4?page=3
} 
1. e4 d6 2. d4 g6 3. Nf3 Nf6 4. Nc3 Bg7 5. Be2 O-O 6. O-O Bg4 7. Be3 Nc6 
8. Qd2 e5 9. d5 Ne7 10. Rad1 b5!? {An interesting pawn sacrifice. Black is
hitting the white center before it will be fortified with Nf3-e1 followed 
by f2-f3. } 11. a3 a5 12. b4 ( 12. Bxb5!? Bxf3 13. gxf3 Nh5 14. Kh1 f5 15.
 Qe1 Nf4 16. Rg1 {Liberzon - Quinteros, Nethanya 1983} ) 12. ... axb4 13. 
axb4 Ra3! {Intending to explode the enemy center by an exchange sacrifice 
on c3.} 14. Bg5 Rxc3! 15. Bxf6 Bxf3 16. Bxf3 Ra3 17. Bxg7?! ( 17. Bxe7 
Qxe7 18. Ra1 Rfa8 19. Rxa3 Rxa3 20. Qc1 Ra4 21. Qb2 Qe8 22. Ra1 Rxa1+ 23. 
Qxa1 Qb8 24. Qa5 Bh6 25. Be2 Bd2 26. Bxb5 Qb6 27. Qxb6 cxb6 {1/2-1/2 
Sturua, Zurab (2450) - Azmaiparashvili, Zurab (2460) / URS Ch U20 (10), 
Vilnius LTU 1984} ) 17. ... Kxg7 18. Ra1 Qa8 19. Rxa3 Qxa3 =+ {xBf3, a1-a8
} 20. Be2 Qb2 21. Rd1 f5 22. exf5 Nxf5 23. c3 Qxd2 24. Rxd2 Ra8! 25. Bxb5 
Ra3 26. Rc2 Ne7 27. f4 ( 27. Bc4 Nxd5! ) 27. ... exf4 28. Bc6 Nf5 29. Kf2 
Ne3 30. Rc1 Kf6 -/+ 31. g3 Ke5 32. Kf3 g5 33. gxf4+ gxf4 34. h4 Nxd5 35. 
Bxd5 Kxd5 36. Kxf4 Kc4 37. Re1 Rxc3 38. Re7 Kxb4 39. Rxh7 d5 40. Ke5 c6 
41. Kd4 Rc4+ 0-1

[Event "URS Team Ch"]
[Site "Soviet Union"]
[Date "1967.??.??"]
[Round "?"]
[White "Sakharov, Yuri N"]
[Black "Bronstein, David I"]
[Result "0-1"]
[WhiteElo "2558"]
[BlackElo "2635"]
[EventDate "1967.07.??"]

1. e4 g6 2. d4 Bg7 3. Nf3 d6 4. Be2 Nf6 5. Nc3 O-O 6. O-O Bg4 7. Be3 Nc6 
8. d5 {White does not wait for the e7-e5 advance; he crosses the line of 
demarcation, thus avoiding blocked pawn chains in the center. } 8. ... 
Bxf3! {Here, unlike in the variation with 6... Nc6 7. d5!, the black 
knight has a convenient square for retreat. } 9. Bxf3 Ne5 10. Be2 c6! {
Undermining the opponent's center, Black intends to play along the c-file 
in combination with pressure along the a1-h8 diagonal. These dynamic 
factors will compensate for the white bishop pair and spatial advantage. }
11. f4 Ned7 12. Bd4?! ( 12. dxc6 bxc6 13. Bf3 Rb8 14. Rb1 Qc7 15. Qe2 e5! 
{Tregubov - Tseshkovsky, Rostov on Don 1993} ) 12. ... Qa5! 13. Kh1 cxd5 
14. exd5 Nb6! 15. Bf3 Rac8 =+ 16. a3 Nc4 17. b4 Qd8 18. Re1 a6 19. Qd3 Qd7
20. h3 Rc7 21. Ne2 Qf5! 22. Rad1 Qxd3 23. Rxd3 Nd7! 24. Bxg7 Kxg7 25. Nd4 
Ndb6! 26. g4 Rfc8 27. g5 Nb2 28. Rd2 Kf8 29. Rb1 N2a4! 30. Ra1 Nc3 -/+ 31.
 Bg4 Re8 32. f5 Ne4 33. Rg2 Nxd5 34. Bf3 0-1

[Event "Leningrad Kotov Memorial"]
[Site "Leningrad RUS"]
[Date "1984.??.??"]
[Round "2"]
[White "Panchenko, Alexander N"]
[Black "Ehlvest, Jaan"]
[Result "1-0"]
[WhiteElo "2450"]
[BlackElo "2485"]
[EventDate "1984.??.??"]

1. e4 g6 2. d4 Bg7 3. Nc3 d6 4. Nf3 Nf6 5. Be2 O-O 6. O-O Bg4 7. Be3 Nc6 
8. d5 Bxf3 9. Bxf3 Ne5 10. Be2 c6 11. a4! Qa5 12. Ra3! {he rook's position
on the 3rd rank is highly appropriate: it takes part in the battle on the 
kingside, and at the same time it may be quickly transferred to the 
kingside. } 12. ... Rfc8 13. Rb3 Rab8 14. Qd4! c5 ( 14. ... cxd5!? 15. 
Qxa7 Qxa7 16. Bxa7 Ra8 17. Rxb7 dxe4 {G.Kuzmin - Azmaiparashvili, Tallinn 
1988} ) 15. Qd1! {Having defined the pawn structure on the queenside, 
White regroups the position of his pieces to develop his kingside 
initiative. } 15. ... a6 16. f4 Ned7 17. g4! Ne8 ( 17. ... b5 18. axb5 
axb5 19. Bxb5 c4 20. Ra3 Qb4 21. Bd4! Rxb5 22. Na2! +- {Khalifman - 
Azmaiparashvili, Minsk 1985} ) 18. g5 Nc7 19. Bg4! Rd8 20. Bxd7! Rxd7 21. 
f5! +/- b5 22. axb5 axb5 23. f6 exf6 24. gxf6 Bf8 25. Qg4 Rbd8 26. Qh4 b4 
27. Bh6! c4 28. Bxf8 Rxf8 29. Nb5! cxb3 ( 29. ... Qxb5 30. Qh6 Ne8 31. Rh3
+- ) 30. Nxc7 Qc5+ 31. Kg2 h5 32. Qf4 Kh7 33. Ne6! fxe6 34. dxe6 g5 35. 
Qf3 g4 36. Qxb3 Rc7 37. e7 Qxc2+ 38. Qxc2 Rxc2+ 39. Kg3 Rcc8 40. exf8=Q 
Rxf8 41. Kh4 Kg6 42. f7 b3 43. Rf2 1-0

[Event "EU-Cup final"]
[Site "Solingen GER"]
[Date "1991.??.??"]
[Round "2"]
[White "Vasiukov, Evgeni"]
[Black "Lobron, Eric"]
[Result "0-1"]
[WhiteElo "2500"]
[BlackElo "2545"]
[EventDate "1991.03.??"]

1. e4 d6 2. d4 Nf6 3. Nc3 g6 4. Nf3 Bg7 5. Be2 O-O 6. O-O Bg4 7. Be3 Nc6 
8. d5 Bxf3 9. Bxf3 Ne5 10. Be2 c6 11. a4 Qa5 {Seirawan prefers 11...a5 
here, but the text move should be O.K. so long as black's queen doesn't go
wandering to b4.} 12. Ra3 Rfc8 13. Rb3 Qc7 {Avoiding the line occurred in 
the previous game, Black keeps the elasticity of his pawn chain. } 14. Kh1
( 14. h3 Ned7 15. f4 cxd5 16. exd5 Nc5 17. Rb4 Nfd7 18. Bd4 a5 19. Rb5 
Bxd4+ 20. Qxd4 Rf8 {1/2-1/2(63) Sokolov, Andrei (2595) - Timman, Jan H 
(2675) / World Cup (?), Brussels BEL 1988} ) 14. ... Ned7 15. f4 a6 16. 
Bf3 {It is extremely hard to break black's solid position.} 16. ... Rab8 
17. Ba7 {17.Rf2 looks better to prevent ...b5.} 17. ... Ra8 18. Bf2 Rab8 
19. Re1 ( 19. Ba7 Ra8 = ) 19. ... cxd5 20. exd5 b5! =+ {This typical 
advance secures Black counterplay on the queenside. } 21. axb5 axb5 22. 
Rxb5 ( 22. Rxe7 b4 23. Ne2 Qxc2 ) 22. ... Rxb5 23. Nxb5 Qxc2 24. Bd4 Qxd1 
25. Rxd1 Rc4 26. g3 Rb4 27. Na7 Rb3 28. Kg2 Ne8! 29. Bxg7 Nxg7 =+ {xb2, d5
} 30. Rd2 Nf5 31. Nc6 Nc5 32. Bd1 Ne3+ 33. Kg1 Nxd1 34. Rxd1 Kf8 35. Rd2 
Ne4 36. Rd4 Nf6 37. Rb4 Re3! 38. Rb5 h5! 39. b4 Kg7 40. Kf1 Ng4 41. h3 Nf6
42. Kf2 Rb3 43. Nxe7 Ne4+ 44. Kg2 Rxg3+ 45. Kh2 h4 -/+ {xKh2} 46. Ra5 Nd2 
47. Ra1 Nf3+ 48. Kh1 Rxh3+ 49. Kg2 Rg3+ 50. Kf2 Nh2 51. Rg1 Ng4+ 52. Kf1 
Rf3+ 53. Kg2 Rb3 54. f5 g5 55. Nc6 Kf6 56. Kh1 Nf2+ 57. Kg2 Nd3 58. Kf3 
Nxb4+ 59. Ke4 Nc2 0-1

[Event "GER Ch 70th"]
[Site "Bremen GER"]
[Date "1998.11.06"]
[Round "1"]
[White "Lutz, Christopher"]
[Black "Espig, Lutz"]
[Result "1-0"]
[WhiteElo "2600"]
[BlackElo "2440"]
[EventDate "1998.11.06"]
[Annotator "Finkel,A"]

1. e4 d6 2. d4 Nf6 3. Nc3 g6 4. Nf3 Bg7 5. Be2 O-O 6. O-O Bg4 7. Be3 Nc6 
8. d5 Bxf3 9. Bxf3 Ne5 10. Be2 c6 11. a4 Qa5 12. Ra3 Rfc8 13. Rb3 Qc7 {In 
conclusion let's quote an example which demonstrates how quickly the 
b3-rook takes part in the white kingside attack.} 14. f3!? {Flexible 
move,but as shows the following game not without a poison!This game is not
very typical for such a slow,manouvering variation,where white step by 
step tries to exploit his advantage in space and slightly more active 
pieces:} ( 14. h3 Ned7 15. f4 cxd5 16. exd5 Nc5 17. Rb4 Nfd7 18. Bd4 a5 
19. Rb5 += {Sokolov,A-Timman,J;Brussels 1998} ) ( 14. f4 Ned7 15. Qe1 cxd5
?! 16. exd5 Nb6 17. Qd2 Rab8?! 18. Nb5 Nc4 19. Qb4! Nxd5 20. Nxc7 Nxb4 21.
 Bxa7 +- {Servat, H-Toth,S Mar del Plata,1990} ) ( 14. Kh1 Ned7 15. f3 ( 
15. f4 a6 16. Bf3 Rab8 17. Ba7 Ra8 18. Bf2 Rab8 19. Re1 cxd5 20. exd5 b5 
⇄⇄ {Vasiukov,J-Lobron,E Eeu Cup 1991} ) 15. ... Nc5 16. Ra3 cxd5 17. 
exd5 Qa5 18. Qd2 Qb4! 19. Rb1 Nh5 ~ {Dimitrov,V-Chabanon,L Sofia,1991} ) (
14. Qd2 cxd5?! 15. exd5 Nfd7 16. Bd4 Nb6 17. Re1 Qd7 18. Qd1 h5 19. Rb4! 
+/- {Savon,V-Manka,F Borovo,1991} ) ( 14. a5!? Qxa5?! 15. Rxb7 cxd5 16. 
Nxd5 Nxd5 17. exd5 Nc4 18. Bxc4 Rxc4 19. b3 +/- {Malisauskas,V-Sarno,S 
EU-cht1992} ) 14. ... e6?! {This natural move seems to be the sourse of 
amazingly quickly coming troubles!It gives white an opportunity to break 
the kingside with f5 and black proves to be unprepared for this. Trying to
undermine the opponent's center, Black only weakens his own kingside. } ( 
14. ... Ned7!? {cxd5 16.exd5 Nc5} ) 15. f4 Ned7 16. dxe6 fxe6 17. g4! ↑ 
{White develops his initiative by the kingside pawn advance. } 17. ... d5
?! {After this move black's position turns into ruins.Even worse was} ( 
17. ... Rf8?! 18. g5 Ne8 19. Bg4! e5 20. Be6+ Kh8 21. f5 +/- {and white 
has decisive advantage,but deserved attention solid 17...Nf8!?.} ) 18. f5!
+/- exf5 ( 18. ... dxe4 19. fxe6?! ( 19. Bc4! Rd8!? ( 19. ... Nf8? 20. 
fxe6 Qe7 21. g5 +- ) 20. Bxe6+ ( 20. fxe6? Ne5 21. e7+ Nxc4 22. exd8=Q+ 
Rxd8 23. Qe2 Nxe3 24. Qxe3 Qxh2+! -/+ ) 20. ... Kh8 21. Qe2 Nf8 22. Bf4 
+/- ) 19. ... Ne5 20. g5 Rd8! 21. Qe1 Nd5 22. Nxe4 Re8 23. Nf6+ Bxf6 24. 
gxf6 Rxe6 ~ ) ( 18. ... Nxe4 19. Nxe4 dxe4 20. Bc4! Rd8 21. Bxe6+ Kh8 22. 
Qe2 +/- ) 19. gxf5 dxe4 ( 19. ... gxf5 20. exd5 Re8 21. d6! Qa5 22. Bd4 
Nb6 23. Bd3! +/- ) 20. fxg6 hxg6? {A suicide!Black misses nice,but very 
simple tactical blow and loses on the spot.Better was} ( 20. ... Ne5 21. 
Bg5 Rf8 22. Bxf6 Bxf6 23. Nxe4 Bg7 +/- {with chanses of survival.} ) 21. 
Bc4+ Kh7 22. Nxe4! +- Nxe4 23. Bf4! Qb6+ {Otherwise black is got mated:} (
23. ... Be5 24. Rh3+ Kg7 25. Qxd7+! ( 25. Bh6+ Kh8 26. Bf8# ) 25. ... Qxd7
26. Bxe5+ Nf6 27. Bxf6+ Kf8 28. Rh8# ) 24. Rxb6 Nxb6 25. Bd3 Re8 ( 25. ...
 Nf6 26. Bg5 Nbd7 27. Bxf6 Nxf6 28. Rxf6! Bxf6 29. Qh5+ Kg8 30. Qxg6+ Bg7 
31. Bc4+ +- ) 26. Qf3 {A great performance of Lutz!} 1-0

[Event "IBM"]
[Site "Amsterdam NED"]
[Date "1970.??.??"]
[Round "2"]
[White "Ree, Hans"]
[Black "Hort, Vlastimil"]
[Result "1/2-1/2"]
[WhiteElo "2457"]
[BlackElo "2613"]

{
http://ctart.chessok.com/course/chess-opening-semi-open-games-1-e4/pirc-ufimtsev-defence/classical-variation/other-variations
} 
1. e4 d6 {This system has been developed and introduced in practice by the
Yugoslavian grandmaster V. Pirc and the Soviet master A. Ufimtsev. 
Formally it is classified as a semi-closed game judging by Black's move 1.
However, many positions arising there have a strategic similarity to the 
King's Indian defense. In the XIX century this original opening was 
frequently implemented by the known German master L. Paulsen. Nevertheless
it was considered to be a difficult opening for Black; only recently it 
has evolved into a full-fledged opening system. Real elaboration of the 
opening only started in the late 30s of the XX century and it now has 
become especially popular. How this can be explained? This opening is very
flexible; it allows the start of a complex strategic struggle where both 
sides have their chances. The Pirc - Ufimtsev defense has been implemented
by many prominent chess players: M. Botvinnik, T. Petrosian, B. Spassky, 
R. Fischer, V. Korchnoi, J. Timman, N. Short, V. Hort, L. Ljubojevic, Y. 
Seirawan, M. Gurevich and many others.} 2. d4 g6 3. Nc3 Nf6 ( {Often 
occurs} 3. ... Bg7 4. Bg5 ( 4. Be3 Nd7 ( 4. ... a6 5. a4 Nf6 6. h3 O-O 7. 
Nf3 d5 8. e5 Ne4 9. Nxe4 dxe4 10. Ng5 c5! 11. dxc5 ( {on} 11. Nxe4 {good 
is} 11. ... cxd4 {next 12...Nc6} ) 11. ... Qc7 12. Qd5 h6 13. Nxe4 Rd8 14.
 Qa2 Bf5 15. Ng3 Bxc2 16. Bc4 Qa5+ 17. Ke2 Nc6 18. Bxf7+ Kh7 19. f4 Nb4 {
and Black obtained counter attack and won} ) 5. Qd2 c6 6. f3 Qa5 7. Nge2 
b5 8. Nc1! {White retains advantage (Suetin - Polugaevsky 1966)} ) ) 4. 
Bg5 ( {Often occurs} 4. f3 c6 5. Be3 Nbd7 ( {possible is} 5. ... b5 6. Qd2
Bg7 7. g4 { with sharp play} ) 6. Qd2 Bg7 7. Nh3 Qa5 8. Nf2 a6 9. Be2 b5 
10. O-O {White has preferable position} ) ( 4. Be2 Bg7 5. h4 h5 ( 5. ... 
Nc6 6. d5! ( {weaker is } 6. Be3 e5 7. d5 Nd4 8. Bxd4 exd4 9. Qxd4 O-O 10.
 Qd2 Re8 11. f3 c5 {Black obtains perfect counter play for the pawn} ) 
6. ... Ne5 7. Nf3 e6 8. Nxe5 dxe5 9. Bb5+ Kf8 10. Be3 {White retains 
opening advantage} ) ( 5. ... c5 6. dxc5 Qa5 7. Kf1 ( {Mikenas recommended
} 7. cxd6!? Nxe4 8. dxe7 Nxc3 9. bxc3 Nc6! {Black obtains good position 
and soon beneficially wins back both pawns} ( 9. ... Bxc3+ 10. Kf1 Bxa1 
11. Bg5! Nc6 12. Qxa1 Rg8 13. Nf3 {White obtains good possibilities for 
the attack} ) ) 7. ... Qxc5 8. Be3 Qa5 9. h5 gxh5 ( 9. ... Nc6 10. h6 Bf8 
11. Nd5 {White has advantage} ) 10. Nh3 Bg4 11. Nf4 {White obtains 
advantage (Balashov - Pfleger 1979)} ) 6. Nf3 c6 7. Ng5 Qc7 8. a4 e5 9. d5
a5 10. f3 O-O 11. O-O Na6 {with approximately even play (Papp - Laszlo 
1981)} ) ( {In recent times the popularity of the variation with the 
flanking development of the white f1-bishop has drastically increased. It 
is difficult for Black to obtain counter play here. Karpov - Timman 1979:}
4. g3 Bg7 5. Bg2 O-O 6. Nge2 e5 7. O-O Na6 ( 7. ... Nc6 {The next scheme 
of defence might be recommended: } 8. dxe5 dxe5 9. Bg5 Bg4 10. h3 Be6 11. 
Nd5 Bxd5 12. exd5 Ne7 13. c4 h6 14. Bd2 Nf5 {with approximately equality 
(Makarichev - Kuzmin 1980/81)} ) 8. Re1 c6 9. h3 Re8 10. Bg5 {with White's
initiative} ) 4. ... Bg7 ( {In case of } 4. ... c6 {White continues} 5. 
Qd2 b5 {This pawn advance is standard play for this opening. Black cedes 
the initiative in the center trying to obtain counter play on the flank.} 
6. Bd3 h6 ( 6. ... b4 7. Nce2 a5 8. f4 Bg7 9. e5 Nd5 10. Nf3 Qb6 11. exd6 
exd6 12. f5 O-O 13. Bh6 Ba6 14. h4 { with White's advantage (Zhuravlev - 
Belov 1977)} ) 7. Be3 Ng4 8. Bf4 e5 9. dxe5 dxe5 10. Bg3 {and White 
retains slight advantage} ) ( 4. ... Nbd7 5. f4 {with the threat of e4-e5}
) 5. Qd2 ( 5. e5 Nfd7! ( 5. ... dxe5 6. dxe5 Qxd1+ 7. Rxd1 Ng4 8. h3! Nxe5
9. Nd5 { are obviously to the White's benefit} ) 6. f4 f6 ) ( {Deserves 
attention} 5. f4 {when it is bad for Black to reply} 5. ... c5 ( {better 
is } 5. ... h6 6. Bh4 c5 7. e5 Nh5 8. dxc5 Nxf4 9. exd6 g5 10. Bf2 O-O 11.
 g3 Ng6 12. Qd2 exd6 13. O-O-O Qf6! {with complicated play (Mednis - Parma
1973))} ) ( {also possible is} 5. ... O-O 6. e5 Ng4 ) 6. e5 cxd4 7. exf6 
exf6 8. Qxd4 Qe7+ 9. Nce2! ) 5. ... h6 {Black wants to define the position
of the white bishop in order to start counter play orienting on its 
whereabouts. } ( {Plan connecting with} 5. ... c6 {is passive and allows 
White easily to obtain initiative } 6. O-O-O O-O 7. f3 b5 8. g4 b4 9. Nce2
Qa5 10. Kb1 Be6 11. Nc1 Nbd7 12. h4 {This aggressive plan is also possible
in the case of Black's kingside castling on move 5.} ) 6. Be3 ( {Black has
good counter attack after} 6. Bh4 g5 ( 6. ... O-O 7. f4 c6 8. Nf3 Bg4 9. 
Be2 d5 10. e5! Ne4 11. Qe3 Qd7 12. O-O-O Na6 13. h3 Bf5 14. Nd2 Nxc3 15. 
Qxc3 {with White's advantage (Romanishin - Balashov 1977)} ) 7. Bg3 Nh5 8.
 O-O-O Nc6 9. Bb5 Bd7 10. Nge2 a6 11. Bxc6 bxc6 12. h4 e5 { Rodriguez - 
Donner 1978} ) 6. ... Ng4 7. Bf4 Nd7 ( 7. ... e5 {leads to the unclear 
play, for example } 8. dxe5 Nxe5 9. O-O-O Nbc6 10. Nd5 Be6 11. h3 Rb8 12. 
Be3 b5 13. f4 Nc4 { Lugovoi - Sakaev 1995} ) 8. Be2 e5 9. dxe5 Ngxe5 {
Black retains equality in this position} 10. O-O-O Nb6 11. Nf3 Nxf3 12. 
gxf3 Be6 13. Rhe1 Qd7 14. Bb5 c6 15. Bf1 Be5 16. Be3 g5 17. f4 gxf4 18. 
Bxf4 O-O-O 19. Qe3 Qe7 20. Bg3 Qf6 21. f4 Bxc3 22. Qxc3 Qxc3 23. bxc3 Bc4 
24. Bh3+ 1/2-1/2